[Event "GER-chT U12 Girls"]
[Site "Magdeburg"]
[Date "2023.12.29"]
[Round "6.1"]
[White "Cao, Weiqi"]
[Black "Raetsch, Elina"]
[Result "1-0"]
[WhiteElo "1191"]
[BlackElo "869"]
[PlyCount "155"]
[EventDate "2023.12.26"]
[EventType "team-swiss"]
[EventRounds "7"]
[EventCountry "GER"]
[SourceTitle "CB03_2024"]
[SourceDate "2024.01.17"]
[SourceVersion "1"]
[SourceVersionDate "2024.01.17"]
[SourceQuality "1"]
[WhiteTeam "Paderborn Akademie"]
[BlackTeam "Oberschoeneweide"]
[WhiteTeamCountry "GER"]
[BlackTeamCountry "GER"]

1. d4 Nf6 2. Nf3 d5 3. g3 e6 4. Bg2 c6 5. 0-0 Nbd7 6. c4 Be7 7. b3 b6 8. Ba3 Bb7 9. Bxe7 Qxe7 10. Nc3 0-0 11. Rc1 Rac8 12. Re1 Rfe8 13. Qd2 Ng4 14. h3 Ngf6 15. e4 dxc4 16. bxc4 e5 17. d5 cxd5 18. cxd5 Qb4 19. Kh2 Rc4 20. Nh4 Nc5 21. a3 Qa5 22. Re2 Qxa3 23. Qc2 b5 24. Ree1 b4 25. Nb5 Rxc2 26. Nxa3 Rxc1 27. Rxc1 Rc8 28. Nc4 Ncxe4 29. Nf5 Bxd5 30. Ne7+ Kf8 31. Nxc8 Bxc4 32. Bxe4 Nxe4 33. Rxc4 Nxf2 34. Rxb4 f5 35. Nd6 g6 36. Kg2 Nd3 37. Rb3 e4 38. Kf1 Ke7 39. Nc8+ Ke6 40. Nxa7 Kd5 41. Rc3 Kd4 42. Nb5+ Ke3 43. g4 f4 44. Nd6 Kf3 45. Ra3 Ke3 46. Rc3 Kf3 47. g5 Ke3 48. Ra3 Kf3 49. Nc4 Kg3 50. Ne5 f3 51. Nxd3 exd3 52. Rxd3 Kxh3 53. Rd5 Kg4 54. Kf2 Kf4 55. Rd7 Kxg5 56. Rxh7 Kg4 57. Rf7 Kg5 58. Rxf3 Kg4 59. Ra3 g5 60. Ra4+ Kf5 61. Kg3 Ke5 62. Kg4 Kd5 63. Ra5+ Ke4 64. Rxg5 Kd4 65. Kf4 Kc4 66. Re5 Kd4 67. Kf5 Kd3 68. Re4 Kc3 69. Ke5 Kb3 70. Kd5 Kc3 71. Rd4 Kb3 72. Ke4 Kc3 73. Ke3 Kb2 74. Rd3 Kc2 75. Ke2 Kb2 76. Kd2 Ka2 77. Kc2 Ka1 78. Ra3# 1-0

[Event "GER-chT U12 Girls"]
[Site "Magdeburg"]
[Date "2023.12.27"]
[Round "2.2"]
[White "Cao, Weiqi"]
[Black "Scharfenberg, Leah"]
[Result "1-0"]
[WhiteElo "1191"]
[BlackElo "755"]
[PlyCount "73"]
[EventDate "2023.12.26"]
[EventType "team-swiss"]
[EventRounds "7"]
[EventCountry "GER"]
[SourceTitle "CB03_2024"]
[SourceDate "2024.01.17"]
[SourceVersion "1"]
[SourceVersionDate "2024.01.17"]
[SourceQuality "1"]
[WhiteTeam "Paderborn Akademie"]
[BlackTeam "Porz SG"]
[WhiteTeamCountry "GER"]
[BlackTeamCountry "GER"]

1. d4 c5 2. c3 b6 3. Nf3 Nf6 4. g3 e6 5. Bg2 Bb7 6. 0-0 Bd6 7. Nbd2 0-0 8. Nc4 Be7 9. Re1 d5 10. Nce5 Bd6 11. Be3 Re8 12. Qb3 Nc6 13. dxc5 Bxc5 14. Bxc5 bxc5 15. Qxb7 Nxe5 16. Nxe5 Qd6 17. Nf3 Reb8 18. Qxa8 Rxa8 19. Rad1 Rb8 20. e4 Qa6 21. exd5 Nxd5 22. Nh4 Nc7 23. a3 Ne8 24. Rd2 h5 25. Bf3 g6 26. Be2 Qc6 27. Bf3 Qc7 28. Red1 Qa5 29. Ng2 Nf6 30. Ne3 e5 31. Nc4 Qa4 32. Nxe5 g5 33. Rd6 Ne8 34. R6d5 Rxb2 35. Bxh5 Qc2 36. Bxf7+ Kf8 37. Rf1 1-0

[Event "GER-ch U12 Girls"]
[Site "Willingen"]
[Date "2023.05.28"]
[Round "2"]
[White "Eitel, Liz"]
[Black "Cao, Weiqi"]
[Result "0-1"]
[WhiteElo "971"]
[BlackElo "1315"]
[PlyCount "116"]
[EventDate "2023.05.27"]
[EventType "swiss"]
[EventRounds "9"]
[EventCountry "GER"]
[SourceTitle "CBM 214 Extra"]
[Source "ChessBase"]
[SourceDate "2023.07.31"]
[SourceVersion "1"]
[SourceVersionDate "2023.07.31"]
[SourceQuality "1"]

1. e4 e6 2. d4 d5 3. exd5 exd5 4. Bd3 Bd6 5. Nf3 Ne7 6. 0-0 0-0 7. Bg5 h6 8. Bxe7 Bxe7 9. Re1 Nc6 10. c3 Re8 11. Nbd2 Bf6 12. Qc2 Be6 13. Bh7+ Kh8 14. Bd3 Qd7 15. Bf1 Bf5 16. Qd1 Rxe1 17. Qxe1 Re8 18. Qd1 Bg4 19. b3 Bg5 20. Be2 a6 21. a4 Na5 22. Ra2 Qe7 23. Nf1 c6 24. h3 Bxf3 25. Bxf3 Qe1 26. Qxe1 Rxe1 27. b4 Nc4 28. Rc2 Nd2 29. Bg4 Nxf1 30. Rb2 Ne3+ 31. Kh2 Nxg4+ 32. hxg4 b5 33. a5 Rc1 34. Rb3 Bd2 35. Kh3 Rxc3+ 36. Rxc3 Bxc3 37. Kh4 Bxd4 38. f3 Bc3 39. Kg3 d4 40. Kf2 d3 41. Ke3 d2 42. Ke2 Bxb4 43. Kd1 c5 44. f4 Bxa5 45. f5 g6 46. fxg6 fxg6 47. g5 hxg5 48. g4 Kg7 49. Ke2 Kf6 50. Kd1 Ke5 51. Ke2 Ke4 52. Kd1 Ke3 53. Kc2 Ke2 54. Kb3 d1Q+ 55. Kb2 b4 56. Ka2 b3+ 57. Kb2 Qc2+ 58. Ka3 Qa2# 0-1

[Event "GER-chT U12 Girls"]
[Site "Berlin"]
[Date "2022.12.27"]
[Round "1"]
[White "Cao, Weiqi"]
[Black "Khachaturyan, Viktoria"]
[Result "1-0"]
[WhiteElo "1116"]
[BlackElo "874"]
[PlyCount "85"]
[EventDate "2022.12.26"]
[EventType "team-swiss"]
[EventRounds "7"]
[EventCountry "GER"]
[SourceTitle "CBM 212 Extra"]
[Source "ChessBase"]
[SourceDate "2023.03.31"]
[SourceVersion "1"]
[SourceVersionDate "2023.03.31"]
[SourceQuality "1"]
[WhiteTeam "Paderborn Akademie"]
[BlackTeam "Karlsruhe"]
[WhiteTeamCountry "GER"]
[BlackTeamCountry "GER"]

1. d4 d5 2. Nf3 Nc6 3. g3 Nf6 4. Bg2 Bg4 5. 0-0 e5 6. Nxe5 Nxe5 7. dxe5 Ne4 8. f3 Bh5 9. fxe4 dxe4 10. Bxe4 Qxd1 11. Rxd1 Bxe2 12. Bxb7 Bc5+ 13. Kg2 Bxd1 14. Bxa8 Ke7 15. Bf3 Bxf3+ 16. Kxf3 Rd8 17. Bg5+ f6 18. exf6+ gxf6 19. Bf4 Rd7 20. Nc3 Kf7 21. Ne4 Bb6 22. Be3 Bxe3 23. Kxe3 Re7 24. Kf3 f5 25. Ng5+ Kg6 26. Nh3 h5 27. Nf4+ Kh6 28. Rd1 h4 29. gxh4 Re4 30. Ng2 Kg6 31. b3 Kf6 32. Rd7 Ke5 33. Rxc7 f4 34. Re7+ Kd5 35. Rxe4 a5 36. h5 Kd6 37. h6 Kc6 38. h7 Kb6 39. h8Q Ka6 40. Re5 Kb6 41. Qf6+ Kc7 42. Re7+ Kd8 43. Qf8# 1-0

[Event "GER-chT U12 Girls"]
[Site "Willingen"]
[Date "2022.08.14"]
[Round "4.4"]
[White "Cao, Weiqi"]
[Black "Piffczyk, Sandra"]
[Result "1-0"]
[WhiteElo "969"]
[BlackElo "704"]
[PlyCount "109"]
[EventDate "2022.08.13"]
[EventType "team-swiss"]
[EventRounds "7"]
[EventCountry "GER"]
[SourceTitle "EXT 2023"]
[Source "ChessBase"]
[SourceDate "2022.10.05"]
[SourceVersion "1"]
[SourceVersionDate "2022.10.05"]
[SourceQuality "1"]
[WhiteTeam "Paderborn"]
[BlackTeam "Garching"]
[WhiteTeamCountry "GER"]
[BlackTeamCountry "GER"]

1. d4 d5 2. Nf3 Nf6 3. g3 Nc6 4. Bg2 Bg4 5. 0-0 e6 6. c4 Bb4 7. Nc3 0-0 8. a3 Bxc3 9. bxc3 Bxf3 10. Bxf3 e5 11. cxd5 Nxd5 12. Bb2 Qd6 13. dxe5 Nxe5 14. Bxd5 c6 15. Be4 Qh6 16. Bc1 Qh5 17. Rb1 Rab8 18. Bf4 Ng4 19. h4 Rbd8 20. Qa4 Qc5 21. Bf3 Nf6 22. Rxb7 Qxc3 23. Rc1 Qd4 24. Qxd4 Rxd4 25. Be3 Ra4 26. Rxa7 Rxa7 27. Bxa7 Ra8 28. Bd4 Rxa3 29. Bxc6 h6 30. Rb1 Ra2 31. Bb5 Rd2 32. Bd3 Kh8 33. Ra1 Ng8 34. Bc3 Rxd3 35. exd3 Nf6 36. Bxf6 gxf6 37. Ra8+ Kg7 38. h5 f5 39. d4 Kf6 40. d5 Ke7 41. Ra1 Kd6 42. Ra6+ Kxd5 43. Rxh6 Ke5 44. Rh8 Kf6 45. Rg8 Ke6 46. h6 f6 47. h7 Ke5 48. h8R Ke6 49. Ra8 Kf7 50. Ra7+ Kg6 51. Rg8+ Kh6 52. Rag7 f4 53. gxf4 f5 54. Kf1 Kh5 55. Rh8# 1-0

[Event "GER-chT U12 Girls"]
[Site "Willingen"]
[Date "2022.08.13"]
[Round "2.1"]
[White "Cao, Weiqi"]
[Black "Mueller, Ariana"]
[Result "1-0"]
[WhiteElo "969"]
[BlackElo "975"]
[PlyCount "111"]
[EventDate "2022.08.13"]
[EventType "team-swiss"]
[EventRounds "7"]
[EventCountry "GER"]
[SourceTitle "EXT 2023"]
[Source "ChessBase"]
[SourceDate "2022.10.05"]
[SourceVersion "1"]
[SourceVersionDate "2022.10.05"]
[SourceQuality "1"]
[WhiteTeam "Paderborn"]
[BlackTeam "Altenberg"]
[WhiteTeamCountry "GER"]
[BlackTeamCountry "GER"]

1. d4 d5 2. Nf3 Nf6 3. g3 e6 4. Bg2 c5 5. 0-0 Nc6 6. c4 Bd7 7. b3 Be7 8. Nc3 0-0 9. Bb2 Qc7 10. Na4 b6 11. Re1 Bd6 12. Ba3 Ne4 13. e3 cxd4 14. Bxd6 Nxd6 15. cxd5 exd5 16. exd4 Bf5 17. Ne5 Nb4 18. a3 Nc2 19. Rc1 Rac8 20. Bxd5 Qd8 21. Re2 Nxd4 22. Rxc8 Nxe2+ 23. Qxe2 Qxc8 24. Nc4 Nxc4 25. Bxc4 Bh3 26. Nc3 Qc6 27. Nd5 b5 28. Ne7+ Kh8 29. Nxc6 bxc4 30. bxc4 Rc8 31. Qh5 Bd7 32. Nxa7 Rf8 33. Qd5 Bh3 34. c5 h6 35. Qh5 Be6 36. Qd1 Ra8 37. Qa4 Bd5 38. c6 Re8 39. Qa5 Be6 40. c7 Bh3 41. Qc3 Bc8 42. Nxc8 Rxc8 43. a4 Kg8 44. Qc5 f6 45. a5 Kf7 46. Qc6 Ke7 47. a6 g5 48. a7 Kf7 49. a8Q Rxa8 50. Qxa8 Kg6 51. g4 Kf7 52. c8R h5 53. gxh5 f5 54. Rc6 Ke7 55. Qb7+ Kd8 56. Rc8# 1-0